Quizzes
Events
Quiz Creation
Community
Videos
Private Events
Remove Ads
Sign In
Join for FREE
Feedback
Dark Mode
Quiz Categories
Sports
Geography
Music
Movies
Television
Just For Fun
Miscellaneous
History
Literature
Language
Science
Gaming
Entertainment
Religion
Holiday
For Kids
Quiz Lab
Recent
Popular Today
Quiz Kudos Today
Editor Picks
Curator Picks
Quizzes by...
Day
Popularity
Type
Ratings
Length
Year
Community
Subscriptions
Recent Discussions
Orange Saloon
Badges
Playlists
Quests
Create
Leaderboards
Showdown
Live 5
Trivia Bingo
Activity
Puzzle Library
Sporcle Events
Private Events
Virtual Trivia
Globe League
Become a Host
Pub Owners
SporcleCon
Opinionation
Our Games
Videos
Blog
Mobile Apps
Partnerships
Remove Ads and Go Orange
Feedback
Entertainment
Celebrity
Famous
Musical
Broadway
Show
Quote
Comic Books
Anime
Superhero
DC Comics
Marvel
Cartoons
Animation
Entertainment
Celebrity
Famous
Musical
Broadway
Show
Quote
Comic Books
Anime
Superhero
DC Comics
Marvel
Cartoons
Animation
Random Quiz
Search Sporcle
×
Quiz Lab
Quiz Lab
Entertainment
phobia
Type in answers that appear in a list
Type in answers that appear in a list
Classic
Best Score? Go Orange.
Phobia Quiz Stats
Can you name the Phobia Quiz?
By
piford
8m
33 Questions
99 Plays
99 Plays
99 Plays
Comments
Comments
Give Quiz Kudos
Give Quiz Kudos
-
- Ratings
hide this ad
More Info
Random Order
Randomize order of answers
Randomize order of answers
Replay
Link that replays current quiz
Next Quiz
Link to next quiz in quiz playlist
You Got
0%
They Got
Avg Score
29%
Avg Friend Score
Upgrade to see
Score Distribution
Jump to the score distribution portion of the page
Score
0/33
Timer
08:00
0
Plays Today
Fear of
Phobia
% Correct
Fear of water
Hydrophobia
76.8%
Fear of dentists and dental procedures
Odontophobia
58.6%
Fear of spiders
Arachnophobia
58.6%
Fear of heights
Acrophobia
57.6%
Fear of technology
Technophobia
54.5%
Fear of men
Androphobia
41.4%
Fear of phobias
Phobophobia
40.4%
Fear of women
Gynophobia
39.4%
Fear of long words
Hippopotomonstrosesquippedaliophobia
36.4%
Fear of clowns (not restricted to evil clowns).
Coulrophobia
36.4%
Fear of horses
Equinophobia
36.4%
Fear of being/
speaking/
or interacting with anything english
Anglophobia
35.4%
Fear of colours
Chromophobia
32.3%
Fear of sunlight
Heliophobia
30.3%
Fear of ideas
Ideophobia
30.3%
Fear of poison
Iophobia
29.3%
Fear that a duck is watching you
Anatidaephobia
23.2%
Fear of
Phobia
% Correct
Fear of nothingness (not to be confused with not being afraid of anything)
Nihilophobia
23.2%
Fear of palindromes
Aibohphobia
21.2%
Fear of the number 666
Hexakosioihexekontahexaphobia
21.2%
Fear that a giant platypus will see you in your underwear
Platyunbophobia
21.2%
Fear of Bridges
Gephyrophobia
17.2%
Fear of peanut butter sticking to the top of ones mouth
Arachibutyrophobia
16.2%
Fear of being touched
Haphephobia
16.2%
Fear of vegetables
Lachanophobia
15.2%
Fear of sticky objects
Panniophobia
14.1%
Fear of dirt
Rupophobia
14.1%
Fear of taste
Geumophobia
14.1%
Fear of jellyfish
Scyphozophobia
12.1%
Fear of mother-
in-
law
Pentheraphobia
12.1%
Fear of sinning
Hamartophobia
11.1%
Fear of being severely punished or beaten by a rod, or of being severely criticized. Also fear of magic.
Rhabdophobia
10.1%
Fear of being tickled by feathers
Pteronophobia
6.1%
Quiz Playlist
Details
Report
Send in Message
Add To Playlist
More Info:
Hope you don't have quizophobia!
Classic:
Type in answers that appear in a list
Random Order:
Randomize order of answers
Quiz Source
Last Updated: Feb 16, 2017
Quiz Scoreboard
CHALLENGE
Sign Up to Join the Scoreboard
Show All
Scores
Hide
Comments
May contain spoilers
Recently Published
9x9 Crossword: Cartoon Network
by jackfrog10
Miscellaneous
3m
College Basketball Coaching Resumes
by pancakes188
Sports
9m
Billboard Blitz: Fleetwood Mac
by CooCooCachoo
Music
15s
More to Explore
Quiz From the Vault
Featured Blog Post
Where Did the Easter Bunny Come From?
hide this ad
You Might Also Like...
Tags
fear
phobia
Today's Top Quizzes in Entertainment
Browse Entertainment
hide this ad
Today's Top Quizzes in phobia
Browse phobia
Top Contributed Quizzes in Entertainment
1
7-to-1: DC Comics Villains
2
Marvel Characters Bunker
3
Eurovision 2023 Logic Puzzle
4
Dragon Ball Z: Goku's Fights in Order
5
Criteria Quickie: Cartoon Taxonomy II
6
Sorting Pictures: Villains
7
Kamen Rider Motifs
8
Mini Trivia Sudoku: Musicals
9
Fictional Villains Letter U Blitz
10
7-to-1: One Piece
Explore More
Trending Topics
Disney
Anime
Kpop
Harry Potter
Marvel
Crossword
NBA
Pokémon
WWE
NFL
Song
Soccer
Country
Puzzle
The Office
hide this ad
More By:
piford
Quiz
Plays
Rating
Category
Featured
Created
Harry Potter Character (Hot/Cold)
20,944
1.69
Movies
Jan 21, 2011
Harry Potter Character By Lego
11,977
3.47
Entertainment
Aug 20, 2010
Finish the quote: Boy Meets World
1,970
2.67
Television
Jan 24, 2011
Cartoon network show by Antonym
1,237
1.70
Television
Mar 15, 2010
World Geo Quiz
974
2.04
Geography
May 6, 2010
Go to Creator's Profile
Score Distribution
Quiz Creator Spotlight
piford
Follow
Send a Message
Quizzes Created
-
Created Quiz Play Count
-
More By This Creator
Popular Quizzes Today
1
Find the US States - No Outlines Minefield
2
Find the Countries of Europe - No Outlines Minefield
3
The Countries of the World
4
Find the US States
5
Risky Map Clicking: Biggest States A-Z
6
US States
7
Popular People in 1961
8
Movies - When Are They Set?
More Entertainment Quizzes
Dragon Ball Super: Team Universe 3
Quiz Lab
Trending Quizzes
Risky Map Clicking: Least Populous States A-Z
1-10 Letter G Words
1-10 Letter F Words
Risky Map Clicking: Next State Alphabetically
Adjectives in 80s TV Shows
Recently Updated
Leaping Animals
pecheneg
Reality TV Shows (A-Z)
bhenderson79
Rickey Henderson's Hall of Fame Teammates
pecheneg
Champions League XIs: Arsenal
pecheneg
Quick Pick: Celebrities in WWE's Hall of Fame
aduchscher
A-Z Keypad Blitz II
pecheneg
Multiple Oscar Actors
pecheneg
Mystery Phrase Blitz: Oscar 'Best Actors'
pecheneg
F. Scott Fitzgerald Novels
LTH
Pick 3 Villains
ddd62291
Trending Topics
NBA
Anime
Disney
Crossword
Marvel
Kpop
Harry Potter
Song
Puzzle
Pokémon
NFL
Soccer
WWE
Country
The Office
Your Account Isn't Verified!
In order to create a playlist on Sporcle, you need to verify the email address you used during registration. Go to your
Sporcle Settings
to finish the process.
Report this User
Report this user for behavior that violates our
Community Guidelines
.
Details:
Send Report
Go to the Sporcle.com Mobile Site →
Comments